Alle Parteien Tschechiens - Statistiken

Allgemein
  • Dieses Quiz wurde 4 mal gespielt
  • Das Durchschnittsergebnis liegt bei 5 aus 14
Antwortstatistiken
Partei % Korrekt
Politické hnutí ANO 2011
100%
Česká pirátská strana
67%
Občanská demokratická strana
67%
Starostové a nezávislí
67%
Svoboda a přímá demokracie
67%
TOP 09
67%
Křesťanská a demokratická unie – Československá strana lidová
33%
Motoristé sobě
33%
Přísaha
33%
Ostravak
0%
SEN 21
0%
Severočeši.cz
0%
Strana zelených
0%
Svobodní
0%
Keine übereinstimmenden Quizze gefunden
Verteilung der Resultate
Anzahl Personen mit jedem Resultat
Perzentil nach korrekt beantworteten Fragen
Ihre Resultats-Entwicklung
Sie haben dieses Quiz noch nicht gespielt